Statistiques concernant Jeppy le poisson dans les logos de foot

Cliquez ici pour prendre le quiz!

Statistiques générales

  • Ce quiz a été pris 85 fois
  • Le résultat moyen est 13 sur 16

Statistiques - réponses

Réponse% Correct
FC Barcelone
99%
Arsenal
97%
Olympique Lyonnais
97%
AS Roma
95%
Benfica
91%
Ajax
90%
Liverpool
90%
Atlético Madrid
89%
Newcastle United
87%
RB Leipzig
78%
Beşiktaş
75%
Glasgow Rangers
71%
FC Copenhague
70%
New York City FC
54%
Orlando City
42%
Panathinaikos
29%

Distribution des résultats

Percentile par nombre de réponses

% des personnes avec chaque résultat

Votre développement - résultats

Vous n’avez pas pris ce quiz